000 00354pam a2200157a 44500
008 230515b1984 xxu||||| |||| 00| 0 eng d
020 _aNULL
041 _aENGL
082 _a620.8/ DEV
100 _aDEVINNY J.S.
245 _aENVIRONMENTAL ENGINEERING 1984
250 _aN.D.
260 _aNULL
_bASOCE
_c1984
300 _a295 PB
650 _aNULL
999 _c626353
_d626353